000 00544nam a2200181Ia 4500
003 GCL
008 140319s9999 xx 000 0 ara d
040 _aGCL /
_cGCL
082 0 4 _a811.094
_bح و
100 1 _aحميده عبدالله حميده
245 1 0 _aوداعا لمسافة ما : شعر /
_cحميده عبدالله حميده
300 _a88 ص
490 _aكتاب الاربعائيون
_v0
650 0 4 _aالشعر العربى
650 0 4 _aالادب العربى
650 0 4 _aالشعر الحر
942 _2ddc
_cBK
999 _c47444
_d47444